TEXTBOOK OF DISPENSING AND COMMUNITY PHARMACY (IV ) (Record no. 5832)

MARC details
000 -LEADER
fixed length control field 00465nam a22001697a 4500
005 - DATE AND TIME OF LATEST TRANSACTION
control field 20240108122926.0
008 - FIXED-LENGTH DATA ELEMENTS--GENERAL INFORMATION
fixed length control field 190427b xxu||||| |||| 00| 0 eng d
020 ## - INTERNATIONAL STANDARD BOOK NUMBER
ISBN 978-93-81595-02-2
041 ## - LANGUAGE CODE
Language code of text/sound track or separate title eng
100 ## - MAIN ENTRY--AUTHOR NAME
Personal name GOKHALE , S. B.,GOKHALE,DR. ALPANA.,AND NERKAR,P.P
245 ## - TITLE STATEMENT
Title TEXTBOOK OF DISPENSING AND COMMUNITY PHARMACY (IV )
250 ## - EDITION STATEMENT
Edition statement 4 th , Ed.
260 ## - PUBLICATION, DISTRIBUTION, ETC. (IMPRINT)
Place of publication PUNE
Name of publisher NIRALI PRAKASHAN
300 ## - PHYSICAL DESCRIPTION
Number of Pages I.4 p,
650 ## - SUBJECT ADDED ENTRY--TOPICAL TERM
Topical Term pharmacy
942 ## - ADDED ENTRY ELEMENTS (KOHA)
Koha item type Books
Holdings
Lost status Damaged status Collection code Home library Current library Shelving location Date acquired Source of acquisition Cost, normal purchase price Accession Number Koha item type
    PHARMACY JRU Library JRU Library Shelf - 22- B 27/04/2019 PURCHESS 135.00 22684 Books
    PHARMACY JRU Library JRU Library Shelf - 22- B 27/04/2019 PURCHESS 135.00 22685 Books
    PHARMACY JRU Library JRU Library Shelf - 22- B 27/04/2019 PURCHESS 135.00 22686 Books
    PHARMACY JRU Library JRU Library Shelf - 22- B 27/04/2019 PURCHESS 135.00 22687 Books
    Reference JRU Library JRU Library SHELF-4-D 27/04/2019 PURCHESS 135.00 22688 Books